[Event "5th Sigeman & Co"]
[Site "Malmo SWE"]
[Date "1997.06.10"]
[Round "1"]
[White "Hansen, Curt"]
[Black "Hellsten, Johan"]
[Result "1/2-1/2"]
[WhiteElo "2605"]
[BlackElo "2485"]
[EventDate "1997.06.10"]
[PlyCount "63"]

1.e4 c5 2.Nf3 e6 3.d4 cxd4 4.Nxd4 a6 5.Bd3 Nf6 6.O-O Qc7 7.Qe2 d6 8.c4 
Nbd7 9.f4 b6 10.Nc3 Bb7 11.Nf3 Rc8 12.Kh1 Be7 13.Bd2 O-O 14.Rac1 Qb8 15.b4
Rfe8 16.a3 Bf8 17.Rce1 e5 18.f5 b5 19.cxb5 axb5 20.Bxb5 Rc7 21.Ng5 h6 22.
Nh3 Rec8 23.Qd3 Nb6 24.Nf2 Nc4 25.Bxc4 Rxc4 26.Qh3 Rd4 27.Bc1 Ba6 28.Rg1 
Qc7 29.Re3 Bb7 30.Rg3 Kh7 31.Bg5 Rc4 32.Bd2 1/2-1/2

[Event "5th Sigeman & Co"]
[Site "Malmo SWE"]
[Date "1997.06.10"]
[Round "1"]
[White "Sokolov, Ivan"]
[Black "Cramling, Pia"]
[Result "0-1"]
[WhiteElo "2615"]
[BlackElo "2545"]
[EventDate "1997.06.10"]
[PlyCount "132"]

1.d4 Nf6 2.c4 c5 3.d5 b5 4.Nf3 g6 5.cxb5 a6 6.b6 a5 7.Nc3 Ba6 8.e4 Bxf1 9.
Kxf1 d6 10.e5 dxe5 11.Nxe5 Qxb6 12.Nc4 Qa6 13.Qa4+ Nbd7 14.d6 e6 15.Nb5 
Nd5 16.Bd2 Bg7 17.Bc3 Bxc3 18.bxc3 O-O 19.Kg1 N7b6 20.Nxb6 Nxb6 21.Qb3 a4 
22.Qb1 Rab8 23.Qf1 c4 24.Na3 Nd5 25.h4 Qxd6 26.Nxc4 Qc5 27.Rh3 Rfc8 28.Ne5
Qd6 29.Re1 Nxc3 30.h5 Qd2 31.Rf3 Rc7 32.hxg6 hxg6 33.a3 Rb2 34.Kh2 Ne2 35.
Re3 Nd4 36.Nd3 Rb3 37.Rd1 Qa5 38.Nf4 Nc2 39.Rd8+ Kg7 40.Rg3 Rxg3 41.fxg3 
Qe5 42.Qf3 Ne3 43.Rd3 Nf5 44.Ne2 Rc4 45.Kh1 Rc2 46.Nc3 Rc1+ 47.Kh2 Qc5 48.
Ne2 Re1 49.Rd7 Qe5 50.Rd2 Ne3 51.Rd7 Qh5+ 52.Qxh5 gxh5 53.Ng1 Ng4+ 54.Kh1 
Nf2+ 55.Kh2 Ng4+ 56.Kh1 Nf2+ 57.Kh2 e5 58.Ra7 e4 59.Rxa4 e3 60.Ra8 Ng4+ 
61.Kh1 f5 62.Ra7+ Kf6 63.Ra6+ Ke7 64.Ra7+ Kd6 65.Ra8 e2 66.Ra6+ Ke5 0-1

[Event "5th Sigeman & Co"]
[Site "Malmo SWE"]
[Date "1997.06.10"]
[Round "1"]
[White "Timman, Jan"]
[Black "Rozentalis, Eduardas"]
[Result "1/2-1/2"]
[WhiteElo "2630"]
[BlackElo "2650"]
[EventDate "1997.06.10"]
[PlyCount "87"]

1.d4 Nf6 2.Nf3 b6 3.Bg5 Bb7 4.Bxf6 exf6 5.Nbd2 g6 6.e4 Bh6 7.Bd3 O-O 8.O-O
Re8 9.Re1 d6 10.a4 a5 11.c3 Nd7 12.Qc2 Re7 13.Bb5 c6 14.Bd3 Qc7 15.Re2 
Rae8 16.Rae1 Nf8 17.g3 Bc8 18.Kg2 Bd7 19.Nf1 Bg4 20.h3 Bxf3+ 21.Kxf3 Ne6 
22.Kg2 Qd7 23.h4 Ng7 24.Nh2 Nh5 25.Qb3 Rb8 26.d5 cxd5 27.Bb5 Qc7 28.Qxd5 
Rd8 29.Ng4 Bg7 30.f4 Qc8 31.f5 Rc7 32.Qd3 Rc5 33.Ne3 Qb7 34.Kh3 Bh6 35.Nd5
gxf5 36.Qf3 Ng7 37.b4 fxe4 38.Nxf6+ Kh8 39.Rxe4 Re5 40.Ng4 f5 41.Nxh6 fxe4
42.Nf7+ Kg8 43.Nh6+ Kh8 44.Nf7+ 1/2-1/2

[Event "5th Sigeman & Co"]
[Site "Malmo SWE"]
[Date "1997.06.11"]
[Round "2"]
[White "Hellsten, Johan"]
[Black "Rozentalis, Eduardas"]
[Result "1/2-1/2"]
[WhiteElo "2485"]
[BlackElo "2650"]
[EventDate "1997.06.10"]
[PlyCount "46"]

1.d4 Nf6 2.c4 e6 3.Nf3 Bb4+ 4.Nbd2 b6 5.e3 Bb7 6.Bd3 O-O 7.O-O c5 8.a3 
Bxd2 9.Bxd2 d6 10.b4 Nbd7 11.Bc3 Qc7 12.Nd2 cxd4 13.Bxd4 Rfd8 14.Re1 Ne5 
15.Bf1 d5 16.cxd5 Rxd5 17.f3 Rad8 18.Ra2 Ng6 19.Qc1 Qd6 20.Bxf6 gxf6 21.
Ne4 Qe5 22.Rc2 R5d7 23.Ng3 Qd5 1/2-1/2

[Event "5th Sigeman & Co"]
[Site "Malmo SWE"]
[Date "1997.06.12"]
[Round "3"]
[White "Rozentalis, Eduardas"]
[Black "Akesson, Ralf"]
[Result "1-0"]
[WhiteElo "2650"]
[BlackElo "2615"]
[EventDate "1997.06.10"]
[PlyCount "81"]

1.e4 c5 2.c3 d5 3.exd5 Qxd5 4.d4 e6 5.Nf3 Nc6 6.Be3 cxd4 7.cxd4 Nf6 8.Nc3 
Qd6 9.a3 Be7 10.Bd3 O-O 11.Qc2 h6 12.O-O Rd8 13.Rad1 Bf8 14.Rfe1 Bd7 15.
Qe2 Ne7 16.Ne5 Bc6 17.Bf4 Ned5 18.Bg3 Nxc3 19.bxc3 Qd5 20.f4 Re8 21.Bh4 
Nd7 22.Bb1 Nxe5 23.fxe5 Bb5 24.Qc2 g6 25.Bf6 Rec8 26.Re3 Rc7 27.Rg3 Rac8 
28.h4 h5 29.Rd2 Be8 30.Ba2 Qa5 31.c4 Rxc4 32.Bxc4 Rxc4 33.Qxc4 Qxd2 34.Kh2
Qa5 35.Qc8 Qa4 36.Bg5 b6 37.Qd8 Qd7 38.Qxd7 Bxd7 39.Rc3 Kh7 40.Rc7 Ba4 41.
Rxa7 1-0

[Event "5th Sigeman & Co"]
[Site "Malmo SWE"]
[Date "1997.06.12"]
[Round "3"]
[White "Sokolov, Ivan"]
[Black "Hellsten, Johan"]
[Result "1/2-1/2"]
[WhiteElo "2615"]
[BlackElo "2485"]
[EventDate "1997.06.10"]
[PlyCount "103"]

1.d4 Nf6 2.c4 e6 3.Nf3 Bb4+ 4.Nbd2 O-O 5.a3 Be7 6.e4 d5 7.Qc2 dxe4 8.Nxe4 
Nc6 9.Be3 Nxe4 10.Qxe4 f5 11.Qd3 f4 12.Bd2 e5 13.dxe5 Bg4 14.Bc3 Bc5 15.b4
Qxd3 16.Bxd3 Rad8 17.Be4 Bxf3 18.gxf3 Bd4 19.Bxd4 Rxd4 20.Bd5+ Kh8 21.e6 
Ne7 22.Bxb7 g6 23.O-O Kg7 24.c5 Kf6 25.Rfe1 c6 26.Ba6 Rfd8 27.Rac1 R8d5 
28.b5 cxb5 29.Bxb5 Rg5+ 30.Kf1 Rdd5 31.Bd7 Rxc5 32.Rb1 Rge5 33.Rxe5 Kxe5 
34.Rb7 a5 35.a4 Kd6 36.Ra7 Nd5 37.Ra6+ Ke7 38.Ke2 Nc7 39.Rb6 Nxe6 40.Bxe6 
Re5+ 41.Kd3 Rxe6 42.Rxe6+ Kxe6 43.Kc4 g5 44.Kb5 Kd5 45.Kxa5 Kc5 46.h3 h6 
47.Ka6 Kc6 48.a5 h5 49.Ka7 Kc7 50.a6 h4 51.Ka8 Kc8 52.Ka7 1/2-1/2

[Event "5th Sigeman & Co"]
[Site "Malmo SWE"]
[Date "1997.06.13"]
[Round "4"]
[White "Cramling, Pia"]
[Black "Timman, Jan"]
[Result "1/2-1/2"]
[WhiteElo "2545"]
[BlackElo "2630"]
[EventDate "1997.06.10"]
[PlyCount "82"]

1.d4 Nf6 2.c4 e6 3.Nf3 Bb4+ 4.Nbd2 O-O 5.a3 Be7 6.e4 d5 7.Qc2 dxe4 8.Nxe4 
Nc6 9.Be3 Nxe4 10.Qxe4 f5 11.Qd3 f4 12.Bd2 e5 13.dxe5 Qe8 14.Be2 Bf5 15.
Qb3 Qg6 16.Bxf4 Qxg2 17.Rg1 Qh3 18.Rg3 Qh5 19.O-O-O Bg6 20.Be3 Rad8 21.
Qxb7 Qf5 22.Rxg6 Qxg6 23.Rxd8 Rxd8 24.Qxc7 Qe6 25.Ng5 Bxg5 26.Bxg5 Rd7 27.
Qc8+ Kf7 28.Qa6 Qxe5 29.Qxc6 Qxg5+ 30.Kb1 Qf5+ 31.Ka2 Rd2 32.Bf3 Qf6 33.
Bd5+ Kg6 34.Be4+ Kg5 35.Qb5+ Kf4 36.Qb3 Rxf2 37.Bxh7 Rxh2 38.Bg8 Qb6 39.
Qc3 Qf6 40.Qc1+ Kg3 41.c5 Rh6 1/2-1/2

[Event "5th Sigeman & Co"]
[Site "Malmo SWE"]
[Date "1997.06.13"]
[Round "4"]
[White "Hector, Jonny"]
[Black "Rozentalis, Eduardas"]
[Result "0-1"]
[WhiteElo "2500"]
[BlackElo "2650"]
[EventDate "1997.06.10"]
[PlyCount "124"]

1.e4 e6 2.d4 d5 3.Nc3 Nc6 4.Nf3 Nf6 5.e5 Ne4 6.Ne2 f6 7.Ng3 fxe5 8.Bb5 
exd4 9.Nxe4 dxe4 10.Nxd4 Qd5 11.c4 Bb4+ 12.Kf1 Qd6 13.Be3 Bd7 14.Qa4 e5 
15.Bxc6 bxc6 16.Ne2 c5 17.Qb3 Qd3 18.Rd1 Qxb3 19.axb3 O-O-O 20.Bg5 Rde8 
21.h3 Re6 22.Ng3 Bc6 23.Ke2 e3 24.f3 Rg6 25.h4 Rf8 26.Rh3 Bd2 27.Bxe3 Bxe3
28.Kxe3 Bd7 29.h5 Rb6 30.Rh2 Rxb3+ 31.Rd3 Rxb2 32.Ra3 Bc6 33.h6 g6 34.Ne4 
Bxe4 35.Kxe4 Kb7 36.Rh1 Rxg2 37.Rb1+ Kc8 38.Rxa7 Rf4+ 39.Kd5 Rf6 40.Kxc5 
Rd2 41.Ra8+ Kd7 42.Rh8 Rf7 43.Rbb8 Ke6 44.Rbe8+ Kf5 45.Ref8 Rxf8 46.Rxf8+ 
Kg5 47.Rf7 Kxh6 48.Rxc7 Rf2 49.Kd5 Rxf3 50.c5 g5 51.c6 g4 52.Rd7 g3 53.
Rd6+ Kh5 54.Rd7 h6 55.c7 Rc3 56.Rg7 Kh4 57.Kxe5 Rc4 58.Kd5 Rc2 59.Ke4 h5 
60.Kf3 Rf2+ 61.Ke4 Rf8 62.Rd7 Rc8 0-1

[Event "5th Sigeman & Co"]
[Site "Malmo SWE"]
[Date "1997.06.13"]
[Round "4"]
[White "Hellsten, Johan"]
[Black "Akesson, Ralf"]
[Result "1/2-1/2"]
[WhiteElo "2485"]
[BlackElo "2615"]
[EventDate "1997.06.10"]
[PlyCount "82"]

1.e4 c5 2.Nf3 d6 3.Bc4 e6 4.O-O Nf6 5.Re1 Be7 6.c3 d5 7.exd5 Nxd5 8.d4 O-O
9.dxc5 Bxc5 10.Bxd5 exd5 11.Be3 Be7 12.Nbd2 Nc6 13.Qb3 Qa5 14.h3 Bf6 15.
Bg5 Bxg5 16.Nxg5 Qd8 17.Ngf3 d4 18.Ne4 dxc3 19.Nxc3 Qb6 20.Qc2 h6 21.Nd5 
Qa5 22.Ne7+ Nxe7 23.Rxe7 Be6 24.Qc7 Qxc7 25.Rxc7 Bd5 26.Nd4 Rfe8 27.Rc5 
Red8 28.Nb5 Bc6 29.Nc3 Rd2 30.b4 a6 31.Rd1 Rxd1+ 32.Nxd1 Rd8 33.Nc3 Rd4 
34.a3 f6 35.f3 Kf7 36.Kf1 Rd2 37.a4 Rc2 38.b5 axb5 39.axb5 Bxb5+ 40.Rxb5 
Rxc3 41.Rxb7+ Kg6 1/2-1/2

[Event "5th Sigeman & Co"]
[Site "Malmo SWE"]
[Date "1997.06.14"]
[Round "5"]
[White "Timman, Jan"]
[Black "Hansen, Curt"]
[Result "1/2-1/2"]
[WhiteElo "2630"]
[BlackElo "2605"]
[EventDate "1997.06.10"]
[PlyCount "79"]

1.d4 Nf6 2.c4 e6 3.Nf3 d5 4.Nc3 c6 5.Bg5 h6 6.Bxf6 Qxf6 7.Qb3 Nd7 8.g3 Nb6
9.c5 Nd7 10.Bg2 b6 11.cxb6 axb6 12.O-O Qd8 13.e4 Be7 14.exd5 exd5 15.Rfe1 
O-O 16.Rac1 Bb7 17.Bh3 Nf6 18.Ne5 Bd6 19.Na4 b5 20.Nc5 Bxc5 21.Rxc5 Qb6 
22.Bf5 Ra4 23.Qc3 Rxa2 24.Nxc6 Re8 25.Rxe8+ Nxe8 26.Ne7+ Kf8 27.Nc8 Qa5 
28.b4 Qa3 29.Qxa3 Rxa3 30.Rxb5 Bxc8 31.Bxc8 Nd6 32.Rxd5 Ke7 33.Rc5 Rb3 34.
Rc7+ Kf6 35.Rc6 Ke7 36.Rc7+ Kf6 37.Rc6 Ke7 38.Ba6 Rxb4 39.d5 Rd4 40.Rc5 
1/2-1/2

[Event "5th Sigeman & Co"]
[Site "Malmo SWE"]
[Date "1997.06.15"]
[Round "6"]
[White "Hansen, Curt"]
[Black "Rozentalis, Eduardas"]
[Result "1-0"]
[WhiteElo "2605"]
[BlackElo "2650"]
[EventDate "1997.06.10"]
[PlyCount "85"]

1.e4 e5 2.Nf3 Nf6 3.d4 Nxe4 4.Bd3 d5 5.Nxe5 Bd6 6.O-O Bxe5 7.dxe5 Nc5 8.
Be2 O-O 9.b3 Nc6 10.Ba3 b6 11.f4 Re8 12.Nc3 d4 13.Bf3 Bb7 14.Bxc5 bxc5 15.
Na4 Qe7 16.Qe2 Nd8 17.Qb5 Rb8 18.Bxb7 Nxb7 19.Rae1 Qe6 20.h3 Qd5 21.Nb2 
Re6 22.Qd3 Rbe8 23.Nc4 f6 24.Qg3 f5 25.Qd3 g6 26.Rd1 Nd8 27.c3 Nc6 28.Kh2 
Qe4 29.Qg3 R6e7 30.Rd2 Qd5 31.Rc1 Rd8 32.cxd4 cxd4 33.Ne3 Qe6 34.Nxf5 Qxf5
35.Rxc6 Rf7 36.e6 Re7 37.Qh4 g5 38.Qxg5+ Qxg5 39.fxg5 Kg7 40.Rc4 Rxe6 41.
Rdxd4 Rxd4 42.Rxd4 Kg6 43.Ra4 1-0

[Event "5th Sigeman & Co"]
[Site "Malmo SWE"]
[Date "1997.06.17"]
[Round "8"]
[White "Hansen, Curt"]
[Black "Hector, Jonny"]
[Result "1-0"]
[WhiteElo "2605"]
[BlackElo "2500"]
[EventDate "1997.06.10"]
[PlyCount "81"]

1.e4 e5 2.Nf3 Nc6 3.Bb5 a6 4.Ba4 Nf6 5.O-O Be7 6.Re1 b5 7.Bb3 O-O 8.c3 d5 
9.exd5 Nxd5 10.Nxe5 Nxe5 11.Rxe5 Bb7 12.d4 Bf6 13.Re1 Re8 14.Na3 b4 15.Nc4
bxc3 16.Na5 Bxd4 17.Rxe8+ Qxe8 18.Nxb7 cxb2 19.Bxb2 Bxb2 20.Bxd5 Bxa1 21.
Qxa1 Qb5 22.Qd1 Re8 23.g3 g6 24.a4 Qe2 25.Qb3 Kg7 26.Kg2 Qe5 27.Qc4 Qa1 
28.Qxc7 Qf6 29.Qc4 Re1 30.Nc5 Qa1 31.Qf4 Rg1+ 32.Kh3 f5 33.Qc7+ Kh6 34.
Qf4+ Kg7 35.Ne6+ Kf6 36.Nd4 Qe1 37.Nf3 Qf1+ 38.Kh4 Ke7 39.Qc7+ Ke8 40.Bc6+
Kf8 41.Qd8+ 1-0

[Event "5th Sigeman & Co"]
[Site "Malmo SWE"]
[Date "1997.06.17"]
[Round "8"]
[White "Hellsten, Johan"]
[Black "Cramling, Pia"]
[Result "1/2-1/2"]
[WhiteElo "2485"]
[BlackElo "2545"]
[EventDate "1997.06.10"]
[PlyCount "40"]

1.e4 c5 2.Nf3 e6 3.c3 Nf6 4.d3 b6 5.Nbd2 Bb7 6.Be2 Be7 7.O-O d5 8.Re1 Nc6 
9.Bf1 Qc7 10.a3 O-O 11.b4 dxe4 12.dxe4 cxb4 13.cxb4 Ne5 14.Bb2 Nxf3+ 15.
Qxf3 Rac8 16.Rac1 Qb8 17.Qe2 Rxc1 18.Rxc1 Rc8 19.Rxc8+ Qxc8 20.Qd3 Qc7 
1/2-1/2

[Event "5th Sigeman & Co"]
[Site "Malmo SWE"]
[Date "1997.06.17"]
[Round "8"]
[White "Smyslov, Vassily"]
[Black "Timman, Jan"]
[Result "1/2-1/2"]
[WhiteElo "2500"]
[BlackElo "2630"]
[EventDate "1997.06.10"]
[PlyCount "27"]

1.d4 Nf6 2.Nf3 g6 3.Bg5 Bg7 4.Nbd2 O-O 5.e3 d6 6.Bc4 b6 7.O-O Bb7 8.c3 c5 
9.b4 Nbd7 10.a4 Rc8 11.bxc5 bxc5 12.a5 d5 13.Bb5 Bc6 14.Qa4 1/2-1/2

[Event "5th Sigeman & Co"]
[Site "Malmo SWE"]
[Date "1997.06.17"]
[Round "8"]
[White "Sokolov, Ivan"]
[Black "Akesson, Ralf"]
[Result "1/2-1/2"]
[WhiteElo "2615"]
[BlackElo "2615"]
[EventDate "1997.06.10"]
[PlyCount "107"]

1.d4 Nf6 2.c4 e6 3.Nf3 b6 4.Nc3 Bb7 5.a3 d5 6.Qc2 Be7 7.cxd5 exd5 8.g3 O-O
9.Bh3 c5 10.O-O Nbd7 11.Bf4 a6 12.Rad1 Re8 13.e4 dxe4 14.Ne5 c4 15.Nxc4 b5
16.Ne3 Bf8 17.Rfe1 Qb6 18.Qb3 Rad8 19.Nf5 h6 20.Bg2 Nh5 21.Be3 Nhf6 22.d5 
Bc5 23.Qc2 Bxe3 24.Rxe3 Re5 25.Nd4 Nxd5 26.Nxd5 Bxd5 27.Bxe4 Bxe4 28.Rxe4 
Rxe4 29.Qxe4 Nf6 30.Qf4 Rd5 31.Rd2 Qd6 32.Qxd6 Rxd6 33.f3 Kf8 34.Kf2 h5 
35.Ke2 g6 36.Nb3 Re6+ 37.Kf2 Ke7 38.Nc5 Rc6 39.b4 a5 40.Re2+ Kf8 41.Rd2 
axb4 42.axb4 Ke7 43.Ke3 Rc7 44.Kf4 Ra7 45.Kg5 Nh7+ 46.Kh6 Nf6 47.Nb3 Rc7 
48.Nc5 Ra7 49.Kg5 Nh7+ 50.Kf4 Nf6 51.h3 Ra3 52.g4 hxg4 53.hxg4 g5+ 54.Kxg5
1/2-1/2

[Event "5th Sigeman & Co"]
[Site "Malmo SWE"]
[Date "1997.06.18"]
[Round "9"]
[White "Cramling, Pia"]
[Black "Hansen, Curt"]
[Result "1/2-1/2"]
[WhiteElo "2545"]
[BlackElo "2605"]
[EventDate "1997.06.10"]
[PlyCount "28"]

1.d4 Nf6 2.c4 e6 3.Nf3 d5 4.Nc3 c5 5.cxd5 cxd4 6.Qxd4 Nxd5 7.e4 Nxc3 8.
Qxc3 Nc6 9.Bb5 Bd7 10.O-O Qb6 11.Be2 Qb4 12.Qc2 Qc5 13.Qb3 Qb4 14.Qc2 Qc5 
1/2-1/2

[Event "5th Sigeman & Co"]
[Site "Malmo SWE"]
[Date "1997.06.18"]
[Round "9"]
[White "Timman, Jan"]
[Black "Hellsten, Johan"]
[Result "1-0"]
[WhiteElo "2630"]
[BlackElo "2485"]
[EventDate "1997.06.10"]
[PlyCount "77"]

1.d4 Nf6 2.c4 e6 3.Nf3 Bb4+ 4.Nbd2 b6 5.a3 Bxd2+ 6.Bxd2 Bb7 7.Bg5 d6 8.e3 
Nbd7 9.Qc2 c5 10.Bd3 Rc8 11.d5 exd5 12.cxd5 h6 13.Bh4 Bxd5 14.O-O-O g5 15.
Bg3 c4 16.Bf5 Nc5 17.Rxd5 Nxd5 18.Rd1 Ne7 19.Bxc8 Qxc8 20.Bxd6 Nd3+ 21.Kb1
Qe6 22.Qa4+ Kf8 23.Bxe7+ Qxe7 24.Qxc4 Nxf2 25.Qc3 Rg8 26.Rf1 Ne4 27.Qd4 g4
28.Nh4 Qxh4 29.Qxe4 Qe7 30.Qd4 Rg7 31.Rf6 Rg6 32.Rxg6 fxg6 33.Qh8+ Kf7 34.
Qh7+ Kf6 35.Qxe7+ Kxe7 36.Kc2 Kd6 37.Kd3 Ke5 38.e4 h5 39.g3 1-0